00505 2200205 4500001002100000005001500021035002000036007000300056008004100059020001500100082001100115084001700126100001800143245003500161260003500196300002100231650002200252856001700274990000800291INLIS00000000000023920220314073047 a0010-0322000037ta220314 g 0 ind  a9793715057 a297.63 a297.63 'AI l0 a'Aidh al-Qami1 aLa Tahzan :bJangan Bersedih ! aJakarta :bQisthi Press,c2004 axxviii + 568 hlm 4aNabi Muhammad SAW aKoleksi Umum a641